| 000 | 00700cab a2200253 4500 | ||
|---|---|---|---|
| 001 | WB3123-13 | ||
| 008 | 090401t1995 xxu||||| |||| 00| 0 eng d | ||
| 035 | _a(Sirsi) u2935 | ||
| 041 | _aeng | ||
| 245 | _aMarket for FM | ||
| 260 | _c1995 | ||
| 350 | _a0 | ||
| 490 |
_aProperty Week _v51(11) 15 June 1995, 7(1) |
||
| 520 | _aThe potential market for facilities management in Europe is estimated to be worth £813bn. | ||
| 650 | _aFACILITIES MANAGEMENT MARKET | ||
| 650 |
_aFACILITIES MANAGEMENT _96240 |
||
| 650 | _aGROWTH AREAS | ||
| 650 | _aJOHNSON CONTROLS | ||
| 650 | _aPROCORD | ||
| 650 | _aVALUE | ||
| 690 | _aCOMMERCIAL PROPERTY-MANAGEMENT | ||
| 942 | _n0 | ||
| 948 | _c04/03/1997 | ||
| 999 |
_c1767 _d1767 |
||